Szczegóły MARC21

Technologia i sport /

003 -Nazwa inst., której nr kontr. jest w polu 001 [,]
    • @
    • Nazwa instytucji, której n kontrolny jest w polu 001
    • NUKAT
005 -DATA I CZAS OSTATNIEJ MODYFIKACJI [,]
    • @
    • pole kontrolne
    • 20241231112157.0
020 -Międzynarod. znormalizowany nr książki - ISBN [ , ]
    • a
    • Numer ISBN
    • 9788363434229 Find
040 -Instytucja sporządzająca opis [ , ]
    • a
    • Instytucja, która sporządziła opis (NP)
    • Ł U/ew
    • c
    • Instytucja, która sporządziła rekord (NP)
    • Ł U/ew
    • d
    • Instytucja, która zmodyfikowała rekord (P)
    • Ł U/GS
    • d
    • Instytucja, która zmodyfikowała rekord (P)
    • Ł U/JSs
942 -Rodzaj dokumentu [ , ]
    • c
    • Rodzaj dokumentu
    • Książka
100 -Hasło główne - nazwa osobowa [1, ]
    • a
    • Nazwa osobowa (NP)
    • Nosal, Przemysław
    • d
    • Daty biograficzne (NP)
    • (1984- ).
    • 9
    • KHW
    • 83680
245 -Strefa tytułu i oznaczenia odpowiedzialności [1,0]
    • a
    • Tytuł
    • Technologia i sport / Find
    • c
    • Pozostałe elementy strefy tytułu i oznaczenia odpowiedzialności (NP)
    • Przemysław Nosal.
260 -Strefa adresu wydawniczego [ , ]
    • a
    • Miejsce wydania (P)
    • Gdańsk :
    • b
    • Nazwa wydawcy (P)
    • Wydawnictwo Naukowe Katedra,
    • c
    • Data wydania (P)
    • 2014.
300 -Strefa opisu fizycznego [ , ]
    • a
    • Określenie formy książki i/lub objętość (NP)
    • 658, [1] s. :
    • b
    • Oznaczenie ilustracji (NP)
    • il. ;
    • c
    • Format (NP)
    • 20 cm.
336 -Typ zawartości [ , ]
    • a
    • Termin opisujący typ zawartości
    • Tekst
    • b
    • Kod określający zawartość
    • txt
    • 2
    • Źródło (terminu i kodu)
    • rdacontent
337 -Typ mediów [ , ]
    • a
    • Tryb odtwarzania
    • Bez urządzenia pośredniczącego
    • b
    • Kod typu mediów
    • n
    • 2
    • Źródło (terminu i kodu)
    • rdamedia
338 -Typ/rodzaj nośnika [ , ]
    • a
    • Hasło opisujące typ nośnika
    • Wolumin
    • b
    • Kod typu nośnika
    • nc
    • 2
    • Źródło (terminu i kodu)
    • rdacarrier
490 -Strefa serii i książki wielotomowej - forma nie do wyszukiwania [1, ]
    • a
    • Tytuł (P)
    • Seria Kontinuum Find
830 -Hasło dodatkowe serii i opisu książki wielotomowej - tytuł ujednolicony/tytuł [ ,0]
    • a
    • Tytuł ujednolicony/tytuł (NP)
    • Kontinuum - Katedra
    • 9
    • KHW
    • 65362
504 -Uwaga dot. bibliogr. załącznikowej [ , ]
    • a
    • Uwaga dot. bibliografii załącznikowej
    • Bibliogr. s. 619-652. Indeks.
080 -Uniwersalna Klasyfikacja Dziesiętna [ , ]
    • 2
    • Identyfikator wydania tablic
    • UDC-P058
    • 9
    • UKD
    • 6281
    • a
    • Symbol klasyfikacji
    • 796.02
    • b
    • Dopowiedzenie
    • Zagadnienia techniczne sportu. Wyposażenie. Sprzęt sportowy. Ochrona przed wypadkami. Stroje sportowe
    • 4
    • UKD2
    • 8288
    • x
    • Poddział wspólny
    • (043)
    • c
    • Dopowiedzenie poddz. wspólnego
    • (Prace dyplomowe. Rozprawy doktorskie. Dysertacje).
080 -Uniwersalna Klasyfikacja Dziesiętna [ , ]
    • 2
    • Identyfikator wydania tablic
    • UDC-P058
    • 9
    • UKD
    • 5859
    • a
    • Symbol klasyfikacji
    • 685.6/.7
    • b
    • Dopowiedzenie
    • Sprzęt i urządzenia sportowe. Sprzęt do różnych rodzajów sportu. Sprzęt gimnastyczny. Boiska. Urządzenie lodowisk, torów samochodowych, wyścigowych. Urządzenia narciarskie (skocznie, wyciągi)
    • 4
    • UKD2
    • 8288
    • x
    • Poddział wspólny
    • (043)
    • c
    • Dopowiedzenie poddz. wspólnego
    • (Prace dyplomowe. Rozprawy doktorskie. Dysertacje).
080 -Uniwersalna Klasyfikacja Dziesiętna [ , ]
    • 2
    • Identyfikator wydania tablic
    • UDC-P058
    • 9
    • UKD
    • 4802
    • a
    • Symbol klasyfikacji
    • 62-043.86
    • b
    • Dopowiedzenie
    • Postęp naukowo-techniczny w ogólności.
    • 4
    • UKD2
    • 8288
    • x
    • Poddział wspólny
    • (043)
    • c
    • Dopowiedzenie poddz. wspólnego
    • (Prace dyplomowe. Rozprawy doktorskie. Dysertacje).
650 -Hasło przedmiotowe [ ,7]
    • a
    • Hasło przedmiotowe
    • Technika
    • x
    • Określnik rzeczowy
    • aspekt społeczny.
    • 2
    • Źródło terminu
    • kaba
    • 9
    • KHW
    • 133075
650 -Hasło przedmiotowe [ ,7]
    • a
    • Hasło przedmiotowe
    • Technologia.
    • 2
    • Źródło terminu
    • kaba
    • 9
    • KHW
    • 133110
650 -Hasło przedmiotowe [ ,7]
    • a
    • Hasło przedmiotowe
    • Sport.
    • 2
    • Źródło terminu
    • kaba
    • 9
    • KHW
    • 221680
980 -Symbol UKD [ , ]
    • a
    • UKD
    • 796.02:685.6/.7:62-043.86](043)
710 -Hasło dodatkowe - nazwa ciała zbiorowego [2, ]
    • a
    • Nazwa ciała zbiorowego lub nazwa geograficzna jako pierwszy element (NP)
    • Wydawnictwo Naukowe Katedra.
    • 4
    • Kod relacji
    • pbl
    • 9
    • KHW
    • 65185
920 -ISBN [ , ]
    • a
    • ISBN
    • 978-83-63434-22-9 Find
Sygnatura Numer inwentarzowy Status udost. Data inwentaryzacji Lokalizacja
Urządzenia sportowe 07WF.976612015-06-16BM